| 000 | 00000nas##2200000za#4500 |
| 001 | 9.500155 |
| 003 | CaOODSP |
| 005 | 20210305151626 |
| 007 | cr ||||||||||| |
| 008 | 150406c2002||||xxc|| m o||||f| |0eng|d |
| 040 | |aCaOODSP|beng |
| 041 | |aeng |
| 041 | |afre |
| 043 | |an-cn--- |
| 086 | 1 |aYB372-PDF |
| 110 | 1 |aCanada. |bParliament. |bSenate. |
| 245 | 10|aBills of the Senate : |h[electronic resource]|b2nd session, 37th parliament, 51 Elizabeth II, 2002 |
| 260 | |aOttawa - Ontario : |bSenate |
| 310 | |aIrregular |
| 362 | 1 |a2002 |
| 776 | 0#|tSénat du Canada, projet de loi : |w(CaOODSP)9.510779 |
| 792 | |tProjets de loi du Sénat : |efre|w(CaOODSP)9.500156 |